[Event "Turtle Speed # 11"]
[Site "SchemingMind.com"]
[Date "2008.12.06"]
[Round "-"]
[White "Archon"]
[Black "griffimv"]
[Result "0-1"]
[WhiteCountry "CAN"]
[BlackCountry "INT"]
[WhiteElo "1695"]
[WhiteRD "59"]
[BlackElo "2288"]
[BlackRD "88"]
[GameID "181391"]

1. Nf3 Nf6 2. c4 e6 3. Nc3 d5 4. g3 c5 5. b3 d4 6. Nb5 a6 7. Na3 Nc6 8. d3 e5 9. Nc2 e4 10. dxe4 Nxe4
11. Bd2 Bd6 12. Bg2 Qe7 13. O-O Bg4 14. Nce1 O-O 15. Nd3 Rfe8 16. Bf4 Nc3 17. Bxd6 Qxd6 18. Qc1 Nxe2+
0-1

[Event "Turtle Speed # 11"]
[Site "SchemingMind.com"]
[Date "2008.12.06"]
[Round "-"]
[White "griffimv"]
[Black "Archon"]
[Result "1-0"]
[WhiteCountry "INT"]
[BlackCountry "CAN"]
[WhiteElo "2288"]
[WhiteRD "88"]
[BlackElo "1695"]
[BlackRD "59"]
[GameID "181392"]

1. e4 d6 2. d4 Nf6 3. Nc3 g6 4. Be3 c6 5. Qd2 b5 6. Bd3 Nbd7 7. Nf3 Qc7 8. h3 e5 9. O-O a6 10. dxe5 Bb7
11. exf6
1-0

[Event "Turtle Speed # 11"]
[Site "SchemingMind.com"]
[Date "2008.12.09"]
[Round "-"]
[White "ThulsaDoom"]
[Black "griffimv"]
[Result "0-1"]
[WhiteCountry "USA"]
[BlackCountry "INT"]
[WhiteElo "1523"]
[WhiteRD "80"]
[BlackElo "2312"]
[BlackRD "96"]
[GameID "181953"]

1. e4 c5 2. Nf3 d6 3. d4 cxd4 4. Nxd4 Nf6 5. Nc3 a6 6. Be3 e5 7. Nb3 Be6 8. f3 h5 9. Nd5 Bxd5 10. exd5 Nbd7
11. Qd2 Qc7 12. Na5 b6
0-1

[Event "Turtle Speed # 11"]
[Site "SchemingMind.com"]
[Date "2008.12.05"]
[Round "-"]
[White "ThulsaDoom"]
[Black "Archon"]
[Result "0-1"]
[WhiteCountry "USA"]
[BlackCountry "CAN"]
[WhiteElo "1523"]
[WhiteRD "80"]
[BlackElo "1698"]
[BlackRD "55"]
[GameID "181954"]

1. e4 d6 2. d4 Nf6 3. Nc3 g6 4. Be3 c6 5. h3 Nbd7 6. f4 b5 7. Bd3 e5 8. Nf3 b4 9. Ne2 c5 10. dxe5 dxe5
11. fxe5 Nh5 12. g4 Ng7 13. Bb5 Ne6 14. Qd5 Rb8 15. Ba4 Bb7 16. Qd3 Be7 17. O-O-O Nf8
0-1

[Event "Turtle Speed # 11"]
[Site "SchemingMind.com"]
[Date "2008.12.09"]
[Round "-"]
[White "griffimv"]
[Black "ThulsaDoom"]
[Result "1-0"]
[WhiteCountry "INT"]
[BlackCountry "USA"]
[WhiteElo "2312"]
[WhiteRD "96"]
[BlackElo "1523"]
[BlackRD "80"]
[GameID "181955"]

1. e4 e5 2. Nf3 Nc6 3. Bb5 a6 4. Ba4 Nf6 5. O-O Be7 6. Re1 b5 7. Bb3 d6 8. c3 O-O 9. h3 Bb7 10. d4 Re8
11. Nbd2 Bf8 12. a4 h6 13. Bc2
1-0

[Event "Turtle Speed # 11"]
[Site "SchemingMind.com"]
[Date "2008.12.05"]
[Round "-"]
[White "Archon"]
[Black "ThulsaDoom"]
[Result "1-0"]
[WhiteCountry "CAN"]
[BlackCountry "USA"]
[WhiteElo "1698"]
[WhiteRD "55"]
[BlackElo "1523"]
[BlackRD "80"]
[GameID "181956"]

1. Nf3 d5 2. c4 d4 3. g3 Nc6 4. Bg2 e5 5. O-O Nf6 6. d3 Bd6 7. e3 O-O 8. exd4 exd4 9. Nbd2 Bg4 10. Re1 Qd7
11. Ne4 Nxe4 12. Rxe4 Rae8 13. Rxe8 Rxe8 14. Qc2 Qf5 15. Qd1 Ne5 16. Bf4 Nxf3+ 17. Bxf3
1-0

[Event "Turtle Speed # 11"]
[Site "SchemingMind.com"]
[Date "2008.12.06"]
[Round "-"]
[White "jtrochez1"]
[Black "Archon"]
[Result "0-1"]
[WhiteCountry "HON"]
[BlackCountry "CAN"]
[WhiteElo "1559"]
[WhiteRD "50"]
[BlackElo "1695"]
[BlackRD "59"]
[GameID "182123"]

1. e4 d6 2. Nf3 g6 3. Bc4 Bg7 4. d4 Nf6 5. Nc3 O-O 6. h3 Nxe4 7. O-O Nf6 8. Re1 e6 9. Bg5 Nbd7 10. Qd2 d5
11. Bd3 c6 12. Ne5 Qb6 13. Nxd7 Nxd7 14. Ne2 c5 15. c3 cxd4 16. cxd4 e5 17. dxe5 Nxe5 18. Be3 Qd8 19. Rab1 Nxd3 20. Qxd3 Bf5
21. Qd1 Bxb1 22. Qxb1 Qd7 23. Nd4 Rfe8 24. Nf3 Rad8 25. Bd4 Qa4 26. Rxe8+ Rxe8 27. b3 Qb4 28. Qb2 Bxd4 29. Qxd4 Qxd4 30. Nxd4 Re1+
31. Kh2 Rd1 32. Nf3 Ra1 33. a4 Kf8 34. Kg3 Ke7 35. Nd4 Rd1 36. Nf3 Rd3 37. b4 Rb3 38. b5 Rb4 39. b6 Rxb6 40. a5 Ra6
41. Nd4 Rxa5 42. Kf4 Ra2 43. Kf3 h5 44. Ne2 a5 45. Nd4 a4 46. Ne2 Rxe2
0-1

[Event "Turtle Speed # 11"]
[Site "SchemingMind.com"]
[Date "2008.12.06"]
[Round "-"]
[White "jtrochez1"]
[Black "ThulsaDoom"]
[Result "1-0"]
[WhiteCountry "HON"]
[BlackCountry "USA"]
[WhiteElo "1580"]
[WhiteRD "48"]
[BlackElo "1523"]
[BlackRD "80"]
[GameID "182124"]

1. e4 c5 2. Nf3 d6 3. Bc4 Nf6 4. d3 Nc6 5. h3 e6 6. Nc3 Be7 7. a3 O-O 8. O-O a6 9. Re1 Qc7 10. Bf4 b5
11. Ba2 Bb7 12. Ne2 Rfd8 13. Qc1 Qd7 14. Ng3 d5 15. e5 Ne8 16. c3 d4 17. c4
1-0

[Event "Turtle Speed # 11"]
[Site "SchemingMind.com"]
[Date "2008.12.07"]
[Round "-"]
[White "Archon"]
[Black "jtrochez1"]
[Result "1-0"]
[WhiteCountry "CAN"]
[BlackCountry "HON"]
[WhiteElo "1695"]
[WhiteRD "59"]
[BlackElo "1559"]
[BlackRD "50"]
[GameID "182126"]

1. Nf3 Nf6 2. c4 Nc6 3. g3 d6 4. Bg2 e5 5. d3 h6 6. Nc3 a6 7. O-O Be7 8. a3 Be6 9. b4 O-O 10. Bd2 d5
11. cxd5 Nxd5 12. Rc1 Nxc3 13. Rxc3 Rb8 14. Rxc6 bxc6 15. Nxe5 Bd7 16. Nxc6 Bxc6 17. Bxc6 Qd6 18. Bg2 Qd8 19. Bc3 c5 20. Qa1 f6
21. Qa2+ Kh8 22. bxc5 Bxc5 23. Be4 f5 24. Bf3 Bd4 25. Bb4 Rf6 26. Rc1 Rc8 27. Rxc8 Qxc8 28. Qd5 Ba7 29. Kg2 Bb8 30. Be7 Rb6
31. Qf7 Qe6 32. Qf8+ Kh7 33. Qd8 Be5 34. Bd5 Rd6 35. Bxe6 Rxd8 36. Bxd8 Bc3 37. Bxf5+ g6 38. Bc8 a5 39. a4 h5 40. Kf3 Bd2
41. h4 Bc3 42. e4 Bb4 43. d4 Kh6 44. e5
1-0

[Event "Turtle Speed # 11"]
[Site "SchemingMind.com"]
[Date "2008.12.07"]
[Round "-"]
[White "ThulsaDoom"]
[Black "jtrochez1"]
[Result "0-1"]
[WhiteCountry "USA"]
[BlackCountry "HON"]
[WhiteElo "1523"]
[WhiteRD "80"]
[BlackElo "1580"]
[BlackRD "48"]
[GameID "182127"]

1. e4 e5 2. Nf3 Nc6 3. Bb5 d6 4. d4 Bd7 5. Nc3 h6 6. Bxc6 Bxc6 7. dxe5 dxe5 8. Qxd8+ Rxd8 9. Nxe5 Nf6 10. Nxc6 bxc6
11. O-O Bd6 12. e5 Bxe5 13. Re1 O-O 14. Rxe5 Nd5 15. Nxd5 cxd5 16. Bf4 Rd7 17. Rae1 d4
0-1

[Event "Turtle Speed # 11"]
[Site "SchemingMind.com"]
[Date "2008.12.07"]
[Round "-"]
[White "gervags"]
[Black "jtrochez1"]
[Result "1-0"]
[WhiteCountry "URU"]
[BlackCountry "HON"]
[WhiteElo "2026"]
[WhiteRD "131"]
[BlackElo "1534"]
[BlackRD "51"]
[GameID "182153"]

1. e4 e5 2. Nf3 Nc6 3. Bb5 d6 4. d4 Bd7 5. Nc3 exd4 6. Nxd4 Nf6 7. O-O Be7 8. Bxc6 bxc6 9. Re1 O-O 10. b3 Ne8
11. Nf5 Bxf5 12. exf5 Bf6 13. Bb2 Bxc3 14. Bxc3 Qg5 15. Qf3 d5 16. Re5 f6 17. Rxd5 Kh8 18. Rd4 Nd6 19. Bd2 Qxf5 20. Qxf5 Nxf5
21. Rd7 Rfd8 22. Rxd8+ Rxd8 23. Re1 Nd4 24. c3 Nf5 25. Bf4 Nd6 26. Bxd6 cxd6 27. Re7 Kg8 28. Rxa7 c5 29. Kf1 Re8 30. Ra6 Re6
31. b4 cxb4 32. cxb4 g5 33. a4 Kf7 34. Ra7+ Kg6 35. b5 d5 36. Rd7 h5 37. a5 Kf5 38. b6
1-0

[Event "Turtle Speed # 11"]
[Site "SchemingMind.com"]
[Date "2008.12.11"]
[Round "-"]
[White "gervags"]
[Black "griffimv"]
[Result "1/2-1/2"]
[WhiteCountry "URU"]
[BlackCountry "INT"]
[WhiteElo "2139"]
[WhiteRD "114"]
[BlackElo "2267"]
[BlackRD "96"]
[GameID "182154"]

1. e4 c5 2. c3 Nf6 3. e5 Nd5 4. d4 cxd4 5. Nf3 Nc6 6. Bc4 Nb6 7. Bb3 d5 8. exd6 Qxd6 9. O-O Be6 10. Na3 dxc3
11. Nb5 Qxd1 12. Rxd1 Rc8 13. Bxe6 fxe6 14. Nxc3 g6 15. Be3 Nc4 16. Bc1 Bg7 17. Rb1 O-O 18. b3 Nd6 19. Ne2 e5 20. Ng5 Nf5
21. Ne6 Rf6 22. Nxg7 Kxg7 23. Bb2 Rd6 24. Nc3 Rcd8 25. Re1 Rd2 26. Ne4 Rc2 27. Rec1 Re2 28. Re1 Nfd4 29. Rxe2 Nxe2+ 30. Kf1 Nf4
31. f3 Nd4 32. Rd1 b6 33. Ba3 Rd5 34. Nc3 Rd7 35. Bb2 Rc7 36. Rd2 g5 37. Nd1 Nfe6 38. Ne3 h5 39. Kf2 b5 40. Nd5 Rd7
41. Ne3 Kf6 42. Bc3 Nc5 43. Bb4 Na6 44. Bc3 Rd6 45. Nc2 Nc6 46. b4 Nc7 47. Ne3 Ne8 48. Rc2 Nd4 49. Rc1 Ra6 50. Ra1 Nd6
51. Nd5+ Kf7 52. Ne3 Ra3 53. Bxd4 exd4 54. Nc2 Ra4 55. Nxd4 Rxb4 56. Nb3 Rc4 57. Re1 Kf6 58. Re2 b4 59. h3 a6 60. Rb2 Rc3
61. Re2 e5 62. Rd2 Ke6 63. Re2 Nb5 64. Rd2 Rc7 65. Re2 Nc3 66. Rd2 Nd5 67. Rb2 h4 68. Rd2 Rc4 69. Na5 Rc3 70. Kg1 Rc7
71. Nb3=
1/2-1/2

[Event "Turtle Speed # 11"]
[Site "SchemingMind.com"]
[Date "2008.12.06"]
[Round "-"]
[White "gervags"]
[Black "Archon"]
[Result "1-0"]
[WhiteCountry "URU"]
[BlackCountry "CAN"]
[WhiteElo "1973"]
[WhiteRD "142"]
[BlackElo "1698"]
[BlackRD "55"]
[GameID "182155"]

1. e4 d6 2. d4 Nf6 3. Nc3 g6 4. f4 Bg7 5. Nf3 O-O 6. Bd3 Na6 7. O-O c5 8. d5 Bg4 9. Qe1 Nb4 10. Qh4 Nxd3
11. cxd3 Qd7 12. e5 dxe5 13. fxe5 Nxd5 14. Bh6 Bh5 15. Bxg7 Kxg7 16. Qe4 Nxc3 17. bxc3 b6 18. h3 Bxf3 19. Rxf3 Rad8 20. Re1 e6
21. Ref1 Qd5 22. Qh4 Qxa2 23. Qe7 Qd5 24. Rxf7+
1-0

[Event "Turtle Speed # 11"]
[Site "SchemingMind.com"]
[Date "2008.12.08"]
[Round "-"]
[White "jtrochez1"]
[Black "gervags"]
[Result "0-1"]
[WhiteCountry "HON"]
[BlackCountry "URU"]
[WhiteElo "1580"]
[WhiteRD "48"]
[BlackElo "1973"]
[BlackRD "142"]
[GameID "182157"]

1. e4 e5 2. Nf3 Nc6 3. d4 exd4 4. Nxd4 Bc5 5. Nxc6 bxc6 6. Bd2 Ne7 7. Bc4 d5 8. Bd3 O-O 9. O-O Re8 10. exd5 cxd5
11. c3 a5 12. Qe2 Ng6 13. Qh5 Ba6 14. Bxa6 Rxa6 15. b4 axb4 16. cxb4 Bd4 17. Nc3 Nf4 18. Bxf4 Bxc3 19. b5 Ra4 20. Rac1 Rxf4
21. Rxc3 g6 22. Qd1 Rfe4 23. a4 Qd6 24. Qb1 Rxa4 25. Re1 Rxe1+ 26. Qxe1 d4 27. Rc6 Qe5 28. Qf1 d3 29. Qxd3 Ra1+
0-1

[Event "Turtle Speed # 11"]
[Site "SchemingMind.com"]
[Date "2008.12.11"]
[Round "-"]
[White "griffimv"]
[Black "gervags"]
[Result "1-0"]
[WhiteCountry "INT"]
[BlackCountry "URU"]
[WhiteElo "2358"]
[WhiteRD "98"]
[BlackElo "2096"]
[BlackRD "118"]
[GameID "182158"]

1. e4 e5 2. Nf3 Nc6 3. Bb5 Nf6 4. O-O Nxe4 5. d4 Nd6 6. Bxc6 dxc6 7. dxe5 Nf5 8. Qxd8+ Kxd8 9. Nc3 Bc5 10. Bg5+ Ke8
11. Ne4 Bb6 12. c4 h6 13. Bd2 Bd4 14. Rad1 c5 15. Bc3 Bxc3 16. Nxc3 Bd7 17. Rd2 Bc6 18. Nd5 Rc8 19. Rfd1 Kf8 20. g4 Ne7
21. Kg2 Ng6 22. Kg3 h5 23. h3 hxg4 24. hxg4 Ne7 25. Ng5 Be8 26. Nf4
1-0

[Event "Turtle Speed # 11"]
[Site "SchemingMind.com"]
[Date "2008.12.08"]
[Round "-"]
[White "Archon"]
[Black "gervags"]
[Result "0-1"]
[WhiteCountry "CAN"]
[BlackCountry "URU"]
[WhiteElo "1683"]
[WhiteRD "59"]
[BlackElo "1998"]
[BlackRD "137"]
[GameID "182159"]

1. Nf3 d5 2. c4 d4 3. g3 c5 4. a3 Nc6 5. b4 cxb4 6. axb4 Bf5 7. b5 Nb4 8. Na3 d3 9. e3 Nf6 10. Bb2 a6
11. Bg2 Be4 12. O-O e6 13. Qb3 a5 14. Rac1 Bc5 15. Ne5 O-O 16. f3 Bg6 17. Kh1 Rb8 18. e4 Nh5 19. Rc3 Bd4 20. Rxd3 Nxd3
21. Nxd3 Bxb2 22. Nxb2 Nf6 23. d3 Nd7 24. d4 e5 25. d5 Nc5 26. Qc3 b6 27. Qxe5 f5 28. Qd4 fxe4 29. f4 Qf6 30. Qd2 e3
31. Qe2 Rbe8 32. Rd1 Bh5 33. Qxh5 Qxb2 34. d6 Kh8 35. d7 Nxd7 36. Rxd7 e2 37. Rxg7 e1=Q+
0-1

[Event "Turtle Speed # 11"]
[Site "SchemingMind.com"]
[Date "2008.12.07"]
[Round "-"]
[White "krtsip"]
[Black "jtrochez1"]
[Result "1-0"]
[WhiteCountry "POL"]
[BlackCountry "HON"]
[WhiteElo "2253"]
[WhiteRD "133"]
[BlackElo "1546"]
[BlackRD "48"]
[GameID "182161"]

1. d4 d5 2. c4 Nf6 3. cxd5 Nxd5 4. e4 Nb6 5. Nc3 e6 6. Be3 c6 7. Nf3 Bb4 8. Bd3 h6 9. O-O Be7 10. Qe2 N8d7
11. Rad1 Bg5 12. Nxg5 hxg5 13. Qg4 f6 14. Qxe6+ Qe7 15. Qb3 a5 16. e5 fxe5 17. Bg6+ Kf8 18. Bxg5 Nf6 19. Qxb6 Ra6 20. Qc5 Qxc5
21. dxc5 Be6 22. Rd6 Ke7 23. Re1 b6 24. Rxe5
1-0

[Event "Turtle Speed # 11"]
[Site "SchemingMind.com"]
[Date "2008.12.11"]
[Round "-"]
[White "krtsip"]
[Black "griffimv"]
[Result "0-1"]
[WhiteCountry "POL"]
[BlackCountry "INT"]
[WhiteElo "2076"]
[WhiteRD "105"]
[BlackElo "2341"]
[BlackRD "97"]
[GameID "182162"]

1. d4 Nf6 2. c4 g6 3. Nf3 Bg7 4. g3 O-O 5. Bg2 d6 6. O-O Nc6 7. Nc3 a6 8. d5 Na5 9. Nd2 c5 10. Qc2 Rb8
11. b3 b5 12. Bb2 e5 13. dxe6 fxe6 14. Rad1 bxc4 15. bxc4 Bb7 16. Bxb7 Rxb7 17. Rb1 Qc7
0-1

[Event "Turtle Speed # 11"]
[Site "SchemingMind.com"]
[Date "2008.12.06"]
[Round "-"]
[White "krtsip"]
[Black "Archon"]
[Result "1-0"]
[WhiteCountry "POL"]
[BlackCountry "CAN"]
[WhiteElo "2253"]
[WhiteRD "133"]
[BlackElo "1694"]
[BlackRD "57"]
[GameID "182163"]

1. d4 d6 2. e4 Nf6 3. Nc3 g6 4. Nf3 Bg7 5. Be2 O-O 6. O-O Bg4 7. h3 Bxf3 8. Bxf3 e5 9. dxe5 dxe5 10. Qxd8 Rxd8
11. Be3 c6 12. b4 Na6 13. Rab1 Nc7 14. Be2 Ne6 15. a4 b6 16. g3 Nd4 17. Bd3 Rac8 18. Rb2 h5 19. f4 Bh6 20. Kg2 Kg7
21. fxe5 Bxe3 22. exf6+ Kg8 23. Nd1 Bh6 24. c3 Ne6 25. Bc4 Re8 26. Nf2 Rcd8 27. b5 c5 28. e5 Rd2 29. Rxd2 Bxd2 30. Ne4 Bh6
31. Nd6
1-0

[Event "Turtle Speed # 11"]
[Site "SchemingMind.com"]
[Date "2008.12.06"]
[Round "-"]
[White "krtsip"]
[Black "ThulsaDoom"]
[Result "1-0"]
[WhiteCountry "POL"]
[BlackCountry "USA"]
[WhiteElo "2260"]
[WhiteRD "134"]
[BlackElo "1523"]
[BlackRD "80"]
[GameID "182164"]

1. d4 d5 2. c4 c6 3. Nc3 Nf6 4. Nf3 e6 5. e3 Nbd7 6. Qc2 Bd6 7. Be2 O-O 8. O-O dxc4 9. Bxc4 b5 10. Be2 Bb7
11. Rd1 Qc7 12. Bd2
1-0

[Event "Turtle Speed # 11"]
[Site "SchemingMind.com"]
[Date "2008.12.08"]
[Round "-"]
[White "krtsip"]
[Black "gervags"]
[Result "0-1"]
[WhiteCountry "POL"]
[BlackCountry "URU"]
[WhiteElo "1965"]
[WhiteRD "100"]
[BlackElo "2096"]
[BlackRD "118"]
[GameID "182165"]

1. d4 d5 2. c4 c6 3. Nc3 e6 4. Nf3 Nf6 5. e3 Nbd7 6. Qc2 Bd6 7. Be2 O-O 8. O-O dxc4 9. Bxc4 a6 10. Rd1 Qc7
11. e4 Be7 12. e5 Nd5 13. Bg5 N7b6 14. Bd3 h6 15. Bxe7 Qxe7 16. Qe2 Nf4 17. Qe4 Nxd3 18. Qxd3 Rd8 19. Ne4 Nd5 20. Nfd2 Qh4
21. Qg3 Qxg3 22. hxg3 Rb8 23. Kf1 b6 24. Ke2 Nb4
0-1

[Event "Turtle Speed # 11"]
[Site "SchemingMind.com"]
[Date "2008.12.11"]
[Round "-"]
[White "griffimv"]
[Black "krtsip"]
[Result "1-0"]
[WhiteCountry "INT"]
[BlackCountry "POL"]
[WhiteElo "2358"]
[WhiteRD "98"]
[BlackElo "1965"]
[BlackRD "100"]
[GameID "182167"]

1. e4 e5 2. Nf3 Nc6 3. Bb5 a6 4. Ba4 Nf6 5. O-O Be7 6. Re1 b5 7. Bb3 d6 8. c3 O-O 9. h3 Nb8 10. d4 Nbd7
11. Nbd2 Bb7 12. Bc2 Re8 13. Nf1 Bf8 14. Ng3 g6 15. a4 c5 16. d5 c4 17. Bg5 h6 18. Be3 Nc5 19. Qd2 h5 20. Bg5 Be7
21. Ra3 Rb8 22. Rea1 Bc8 23. axb5 axb5 24. Ra7 Rb7 25. Ra8
1-0

[Event "Turtle Speed # 11"]
[Site "SchemingMind.com"]
[Date "2008.12.06"]
[Round "-"]
[White "Archon"]
[Black "krtsip"]
[Result "0-1"]
[WhiteCountry "CAN"]
[BlackCountry "POL"]
[WhiteElo "1694"]
[WhiteRD "57"]
[BlackElo "2253"]
[BlackRD "133"]
[GameID "182168"]

1. Nf3 d5 2. c4 e6 3. g3 Nf6 4. d4 Be7 5. Bg2 O-O 6. Qc2 c5 7. Nc3 cxd4 8. Nxd4 dxc4 9. Ndb5 a6 10. Na3 Bxa3
11. bxa3 Ra7 12. a4 b6 13. O-O Rd7 14. Rb1 Bb7 15. Be3 Bxg2 16. Kxg2 Rb7 17. Rfd1 Qc7 18. Kg1 Rc8 19. Bc1 Qe5 20. Ba3 Nc6
21. e3 Qh5 22. Qe2 Qxe2 23. Nxe2 b5 24. axb5 axb5 25. Bb4 Nxb4 26. Nc3 Nfd5
0-1

[Event "Turtle Speed # 11"]
[Site "SchemingMind.com"]
[Date "2008.12.08"]
[Round "-"]
[White "gervags"]
[Black "krtsip"]
[Result "1-0"]
[WhiteCountry "URU"]
[BlackCountry "POL"]
[WhiteElo "2096"]
[WhiteRD "118"]
[BlackElo "1965"]
[BlackRD "100"]
[GameID "182170"]

1. e4 e5 2. Nf3 Nc6 3. Bb5 a6 4. Ba4 Nf6 5. O-O Be7 6. Re1 b5 7. Bb3 d6 8. c3 O-O 9. h3 Nb8 10. d4 Nbd7
11. Nbd2 Bb7 12. Bc2 Re8 13. Nf1 Bf8 14. Ng3 g6 15. a4 c5 16. d5 c4 17. Bg5 h6 18. Be3 Nc5 19. Qd2 h5 20. Bg5 Be7
21. Ra3 Rb8 22. axb5 axb5 23. Be3 Qc7 24. Rea1
1-0

[Event "Turtle Speed # 11"]
[Site "SchemingMind.com"]
[Date "2008.12.07"]
[Round "-"]
[White "Black Knight"]
[Black "jtrochez1"]
[Result "0-1"]
[WhiteCountry "USA"]
[BlackCountry "HON"]
[WhiteElo "1510"]
[WhiteRD "71"]
[BlackElo "1559"]
[BlackRD "50"]
[GameID "182194"]

1. e4 e5 2. Nf3 Nc6 3. Nc3 Nf6 4. d3 h6 5. Be2 d6 6. O-O a6 7. b3 Nd4 8. Nxd4 exd4 9. Nd5 Nxd5 10. exd5 Bf5
11. Bb2 Be7 12. Bxd4 Rg8 13. Bg4 Qd7 14. Qf3 Bxg4 15. Qe3 O-O-O 16. f3 Bh5 17. Bc3 g5 18. Rae1 Rge8 19. Qa7 Qb5 20. Qd4 Qc5
21. Qxc5 dxc5 22. Bd2 Rxd5 23. g4 Bg6 24. Re3 b5 25. Rfe1 Kd7 26. c4 bxc4 27. bxc4 Rd6 28. Bc3 f6 29. Kf2 Rxd3 30. Bxf6 Rxe3
0-1

[Event "Turtle Speed # 11"]
[Site "SchemingMind.com"]
[Date "2008.12.11"]
[Round "-"]
[White "Black Knight"]
[Black "griffimv"]
[Result "0-1"]
[WhiteCountry "USA"]
[BlackCountry "INT"]
[WhiteElo "1566"]
[WhiteRD "73"]
[BlackElo "2309"]
[BlackRD "91"]
[GameID "182195"]

1. e4 c5 2. Nf3 d6 3. Bb5+ Bd7 4. Bxd7+ Qxd7 5. Nc3 Nc6 6. O-O Nf6 7. d4 cxd4 8. Nxd4 g6 9. b3 Bg7 10. Nxc6 Qxc6
11. Bd2 Nxe4 12. Rb1 Nxc3 13. Bxc3 Bxc3 14. b4 O-O 15. Rb3 Rfc8 16. Qd3 Be5 17. c4 Qxc4
0-1

[Event "Turtle Speed # 11"]
[Site "SchemingMind.com"]
[Date "2008.12.06"]
[Round "-"]
[White "Black Knight"]
[Black "Archon"]
[Result "0-1"]
[WhiteCountry "USA"]
[BlackCountry "CAN"]
[WhiteElo "1510"]
[WhiteRD "71"]
[BlackElo "1695"]
[BlackRD "59"]
[GameID "182196"]

1. e4 d6 2. Nf3 g6 3. d4 Nf6 4. Nc3 Bg7 5. Be2 O-O 6. O-O Bg4 7. e5 Nfd7 8. Bf4 Nc6 9. h3 Bxf3 10. Bxf3 dxe5
11. dxe5 Ndxe5 12. Qxd8 Rfxd8 13. Rfe1 e6 14. Bxc6 Nxc6 15. Bxc7 Rd7 16. Bh2 Rad8 17. Rad1 Bxc3 18. bxc3 Rxd1
0-1

[Event "Turtle Speed # 11"]
[Site "SchemingMind.com"]
[Date "2008.12.08"]
[Round "-"]
[White "Black Knight"]
[Black "gervags"]
[Result "0-1"]
[WhiteCountry "USA"]
[BlackCountry "URU"]
[WhiteElo "1562"]
[WhiteRD "84"]
[BlackElo "2104"]
[BlackRD "120"]
[GameID "182198"]

1. e4 e5 2. Nf3 Nc6 3. Bb5 Nf6 4. O-O Nxe4 5. Bxc6 dxc6 6. Re1 Nf6 7. Nxe5 Be7 8. d4 O-O 9. Bg5 Be6 10. Nc3 Nd5
11. Bxe7 Qxe7 12. Nxd5 cxd5 13. b3 Qd6 14. c3 a5 15. a4 f6 16. Nf3 Rfe8 17. Qd2 Re7 18. Re3 Rae8 19. Rae1 c6 20. b4 axb4
21. cxb4 Bg4 22. Rxe7 Rxe7 23. Rxe7 Qxe7 24. h3 Bxf3 25. gxf3 h5 26. Qe3 Qxb4 27. Qe8+ Qf8 28. Qe6+ Kh7 29. Qd7 Qb4 30. Qf5+ Kh6
31. Qf4+ Kg6 32. Qg3+ Kh7 33. Qc7 Qxd4 34. a5 Qb4 35. Qb6 Qxb6 36. axb6 Kg6 37. Kf1 Kf5 38. Ke2 Kf4
0-1

[Event "Turtle Speed # 11"]
[Site "SchemingMind.com"]
[Date "2008.12.06"]
[Round "-"]
[White "Black Knight"]
[Black "krtsip"]
[Result "0-1"]
[WhiteCountry "USA"]
[BlackCountry "POL"]
[WhiteElo "1566"]
[WhiteRD "73"]
[BlackElo "2253"]
[BlackRD "133"]
[GameID "182199"]

1. e4 e5 2. Nf3 Nc6 3. Bb5 a6 4. Bxc6 dxc6 5. Nc3 f6 6. O-O c5 7. d3 Ne7 8. Nd5 Nxd5 9. exd5 Qxd5 10. c4 Qd6
11. b3 Bf5 12. Bb2 Qxd3 13. Qxd3 Bxd3 14. Rfd1 O-O-O 15. Ne1 Bg6 16. Rxd8+ Kxd8 17. Rd1+ Bd6 18. a3 Ke7 19. g3 h5 20. Nf3 Bc2
21. Rc1 Bxb3 22. Rc3 Ba4 23. Nd2 Bc6 24. f3 g5 25. Ne4 g4 26. f4 Bxe4 27. Re3 Bf3
0-1

[Event "Turtle Speed # 11"]
[Site "SchemingMind.com"]
[Date "2008.12.07"]
[Round "-"]
[White "jtrochez1"]
[Black "Black Knight"]
[Result "1/2-1/2"]
[WhiteCountry "HON"]
[BlackCountry "USA"]
[WhiteElo "1559"]
[WhiteRD "50"]
[BlackElo "1510"]
[BlackRD "71"]
[GameID "182200"]

1. e4 e5 2. Nf3 Nc6 3. Bc4 Nf6 4. Nc3 d6 5. h3 Be7 6. a3 O-O 7. Nd5 Nxd5 8. Bxd5 Nd4 9. c3 c6 10. Ba2 Nxf3+
11. Qxf3 Be6 12. b3 d5 13. d3 dxe4 14. dxe4 Qc7 15. O-O Rad8 16. Rd1 Rxd1+ 17. Qxd1 Rd8 18. Qe2 Qb6 19. Be3 Bc5 20. Bxc5 Qxc5
21. Qb2 b5 22. b4 Qd6 23. Bxe6 Qxe6 24. f3 g5 25. Kf2 Rd6 26. Qe2 Qd7 27. Ke1 f6 28. Rd1 Rxd1+ 29. Qxd1 Qxd1+ 30. Kxd1 Kf7=
1/2-1/2

[Event "Turtle Speed # 11"]
[Site "SchemingMind.com"]
[Date "2008.12.11"]
[Round "-"]
[White "griffimv"]
[Black "Black Knight"]
[Result "1-0"]
[WhiteCountry "INT"]
[BlackCountry "USA"]
[WhiteElo "2312"]
[WhiteRD "96"]
[BlackElo "1538"]
[BlackRD "73"]
[GameID "182201"]

1. e4 c5 2. Nc3 e5 3. Bc4 Nf6 4. d3 Nc6 5. Nf3 Bd6 6. Bg5 O-O 7. Qd2 a6 8. Nd5 Be7 9. Bxf6 Bxf6 10. O-O b5
11. Nxf6+ Qxf6 12. Bd5 Bb7 13. c3 Rab8 14. Rac1 Ne7 15. Bxb7 Rxb7 16. d4 cxd4 17. cxd4 Nc6 18. d5 Nd4 19. Nxd4 Rbb8 20. Nf5 g6
21. Qh6 Rb6 22. Qxf8+ Kxf8 23. Rc8+
1-0

[Event "Turtle Speed # 11"]
[Site "SchemingMind.com"]
[Date "2008.12.07"]
[Round "-"]
[White "Archon"]
[Black "Black Knight"]
[Result "1-0"]
[WhiteCountry "CAN"]
[BlackCountry "USA"]
[WhiteElo "1698"]
[WhiteRD "55"]
[BlackElo "1538"]
[BlackRD "73"]
[GameID "182202"]

1. Nf3 Nf6 2. c4 c5 3. g3 Nc6 4. Nc3 e5 5. d3 d5 6. cxd5 Nxd5 7. Bg2 Nxc3 8. bxc3 Be7 9. Rb1 O-O 10. O-O b6
11. Bd2 Be6 12. a4 Qc7 13. Ne1 Rad8 14. Nc2 Rb8 15. c4 Rfd8 16. a5 bxa5 17. Na3 a6 18. Be3 Nd4 19. Bxd4 Rxb1 20. Qxb1 exd4
21. Qa2 Qd7 22. Nb1 Bh3 23. Nd2 Bxg2 24. Kxg2 Qc6+ 25. Kg1 a4 26. Ra1 Bg5 27. Nf3 Qf6 28. Nxg5 Qxg5 29. Qxa4 Qf6 30. Qxa6 Qxa6
31. Rxa6 h6 32. Rc6 Re8 33. Kf1 Re5 34. Ke1 f5 35. f4 Re7 36. Rxc5 g6 37. Rd5 Kf7 38. Rxd4
1-0

[Event "Turtle Speed # 11"]
[Site "SchemingMind.com"]
[Date "2008.12.08"]
[Round "-"]
[White "gervags"]
[Black "Black Knight"]
[Result "1-0"]
[WhiteCountry "URU"]
[BlackCountry "USA"]
[WhiteElo "1998"]
[WhiteRD "137"]
[BlackElo "1535"]
[BlackRD "79"]
[GameID "182204"]

1. e4 e5 2. Nf3 Nf6 3. Nxe5 d5 4. d4 Bd6 5. exd5 Nxd5 6. c4 Nf6 7. Be2 Bxe5 8. dxe5 Qxd1+ 9. Bxd1 Nfd7 10. O-O O-O
11. f4 Nc6 12. Nc3 Nc5 13. Nd5 Be6 14. Be3 Ne4 15. Bf3 f5 16. Nxc7 Bxc4 17. Nxa8 Bxf1 18. Rxf1 Rxa8 19. Rd1 Nb4 20. Rd7 b6
21. g4 g6 22. Bd1 Nxa2 23. Bb3+ Kf8 24. Bxa2 Nc5 25. Bxc5+ bxc5 26. Rxh7 Rd8 27. Rh8+ Ke7 28. Rxd8 Kxd8 29. gxf5
1-0